| Поле | Название | Значение |
| |
Тип записи |
a |
| |
Библиографический уровень |
m |
| 001 |
Контрольный номер |
SKBR/97f12a95-e85f-4989-a609-88981a0f4928 |
| 005 |
Дата корректировки |
20230109145946.9 |
| 010 |
Индекс ISBN |
__ |
| a |
ISBN |
978-5-17-116358-7 |
| 9 |
Тираж |
3000 экз. |
| d |
Цена |
108-90 |
| 100 |
Данные общей обработки |
__ |
| a |
Данные общей обработки |
20191220d2019 ma y0rusy028902 ca |
| 101 |
Язык документа |
0_ |
| a |
Язык текста |
eng |
| 102 |
Страна публикации |
__ |
| a |
Страна публикации |
RU |
| 105 |
Кодированные данные (монография) |
__ |
| a |
Кодированные данные (монография) |
y z 000ay |
| 181 |
Поле кодированных данных: вид содержания |
_0 |
| a |
Код вида содержания (ISBD) |
i |
| 182 |
Поле кодированных данных: тип средства |
_0 |
| a |
Код типа средства (ISBD) |
n |
| 200 |
Заглавие и сведения об ответственности |
1_ |
| a |
Заглавие |
Удивительный волшебник из страны Оз |
| d |
Параллельное заглавие |
The wonderful wizard of Oz |
| f |
Первые сведения об ответственности |
Лаймен Фрэнк Баум |
| g |
Последующие сведения об ответственности |
адаптация текста И. Г. Дубиковской |
| z |
Язык параллельного заглавия |
eng |
| 203 |
Вид содержания и тип средства |
__ |
| a |
Вид содержания |
Текст |
| c |
Тип средства |
непосредственный |
| 210 |
Выходные данные |
1_ |
| a |
Место издания |
Москва |
| c |
Издательство |
АСТ |
| c |
Издательство |
Lingua |
| d |
Дата издания |
2019 |
| 215 |
Физическое описание |
__ |
| a |
Объем |
319 с. |
| d |
Формат |
17 см |
| 225 |
Серия |
1_ |
| a |
Серия |
Карманное чтение на английском языке |
| i |
Наименование части |
Elementary |
| 300 |
Общие примечания |
__ |
| a |
Общие примечания |
Текст на английском языке |
| 330 |
Аннотация |
__ |
| a |
Аннотация |
Когда Дороти и её щенка Тото уносит ураган, они оказываются в волшебной стране Оз, где правят ведьмы и чародейки. Чтобы вернуться домой, Дороти предстоит пройти долгий путь, полный приключений. Помогут ей в этом её новые друзья - Страшила, Железный Дровосек и Трусливый Лев. Текст произведения адаптирован и сопровождается словарем. Предназначается для начинающих изучать английский язык. |
| 606 |
Тематические рубрики |
__ |
| 2 |
Код системы |
nlr_sh |
| a |
Основная рубрика |
Языкознание |
| 606 |
Тематические рубрики |
__ |
| 2 |
Код системы |
nlr_sh |
| a |
Основная рубрика |
Германские языки |
| 610 |
Ключевые слова |
0_ |
| a |
Ключевые слова |
зарубежная литература |
| 610 |
Ключевые слова |
0_ |
| a |
Ключевые слова |
иностранная литература |
| 610 |
Ключевые слова |
0_ |
| a |
Ключевые слова |
иностранные языки |
| 610 |
Ключевые слова |
0_ |
| a |
Ключевые слова |
английский язык |
| 610 |
Ключевые слова |
0_ |
| a |
Ключевые слова |
чтение на английском |
| 610 |
Ключевые слова |
0_ |
| a |
Ключевые слова |
английская литература |
| 610 |
Ключевые слова |
0_ |
| a |
Ключевые слова |
адаптированные тексты |
| 610 |
Ключевые слова |
0_ |
| a |
Ключевые слова |
английский для начинающих |
| 610 |
Ключевые слова |
0_ |
| a |
Ключевые слова |
экранизации |
| 610 |
Ключевые слова |
0_ |
| a |
Ключевые слова |
экранизированные книги |
| 686 |
Индексы других классификаций |
__ |
| a |
Классификационный индекс |
81.432.1я7-3 |
| 2 |
Код системы |
rubbks |
| 700 |
Автор |
_1 |
| a |
Фамилия |
Баум |
| b |
Имя |
Л. Ф. |
| f |
Даты |
1856-1919 |
| g |
Полное личное имя |
Лаймен Фрэнк |
| 4 |
Код отношения |
070 |
| 702 |
Вторичная интеллектуальная ответственность |
_1 |
| a |
Фамилия |
Дубиковская |
| b |
Имя |
И. Г. |
| g |
Полное личное имя |
Ирина Гариевна |
| 4 |
Код отношения |
010 |
| 801 |
Источник записи |
_0 |
| a |
Страна |
RU |
| b |
Организация |
NLR |
| c |
Дата составления |
20191220 |
| g |
Правила каталогизации |
PSBO |
| 801 |
Источник записи |
_1 |
| a |
Страна |
RU |
| b |
Организация |
NLR |
| c |
Дата составления |
20191220 |
| g |
Правила каталогизации |
PSBO |
| 801 |
Источник записи |
_2 |
| a |
Страна |
RU |
| b |
Организация |
NLR |
| c |
Дата составления |
20200201 |
| 2 |
Код формата |
rusmarc |
| g |
Правила каталогизации |
PSBO |
| 852 |
Данные о местонахождении |
__ |
| i |
Авторский знак |
Б 29 |
| j |
Шифр хранения |
81.432.1я7-3 |
| 900 |
Макрообъекты |
__ |
| a |
Макрообъекты |
Удивительный волшебник из страны Оз, 2019 |
| 901 |
Тип документа |
__ |
| a |
Ответственный |
КиК/Обаева |
| t |
Тип документа |
m |
| 903 |
Характеристики (МАРС) |
__ |
| a |
Дата передачи |
20220302 |
| c |
Наименование библиотеки (МАРС) |
Муниципальное бюджетное учреждение культуры "Централизованная библиотечная система" г. Сургут (Центральная городская библиотека им. А. С. Пушкина) |
| 969 |
Тип издания |
__ |
| a |
Тип издания |
книга для чтения |
| 990 |
Данные о заказе (DOS) |
__ |
| j |
Количество экземпляров (DOS) |
1 |
| t |
N записи в КСУ для И/У (DOS) |
202203 |